Who Wrote That 'B' Book? Quiz Stats

 Plays Quiz Updated Jan 8, 2018

Support Sporcle.
Go Orange.
Score 0/20 Timer 05:00
3 Plays Today
Question Answer Wrong Answers
The BFG Roald Dahl
86.5%
Dr. Seuss
2.9%
P.L. Travers
3.4%
Mary Norton
3.3%
Breakfast at Tiffany's Truman Capote
84.6%
Oscar Wilde
4.7%
Harper Lee
3%
J.D. Salinger
3.8%
Brave New World Aldous Huxley
82.1%
Jules Verne
3.8%
Anthony Burgess
2.5%
George Orwell
7.7%
The Bell Jar Sylvia Plath
78.7%
Virginia Woolf
7.2%
Maya Angelou
4.1%
Margaret Atwood
5.7%
Black Beauty Anna Sewell
78.2%
Robert Louis Stevenson
6.9%
Johanna Spyri
3.8%
Louisa May Alcott
6.9%
Brideshead Revisited Evelyn Waugh
77.7%
F. Scott Fitzgerald
7.3%
Victor Hugo
5.7%
Paulo Coelho
4.9%
The Brothers Karamazov Fyodor Dostoyevsky
77.4%
Nikolai Gogol
2.4%
Anton Chekhov
10.5%
Boris Pasternak
5.5%
Beloved Toni Morrison
77.1%
Gabriel García Márquez
7.7%
Jorge Luis Borges
5.9%
Jonathan Safran Foer
4.7%
Bridget Jones's Diary Helen Fielding
74.6%
Alice Walker
9.1%
Eve Ensler
7.5%
Eudora Welty
4.6%
Breaking Dawn Stephenie Meyer
72.9%
E.L. James
5.2%
Veronica Roth
5%
Suzanne Collins
12.7%
Bleak House Charles Dickens
72.2%
George Eliot
8.1%
Thomas Hardy
9.6%
Jane Austen
5.8%
The Bourne Identity Robert Ludlum
65.5%
Tom Clancy
18.6%
Ian Fleming
4.4%
John le Carré
7.4%
Breakfast of Champions Kurt Vonnegut
65.2%
Ray Bradbury
12.7%
Douglas Adams
10.7%
Isaac Asimov
6.7%
The Bad Beginning Lemony Snicket
64.3%
J.K. Rowling
2.3%
Dick King-Smith
12.3%
Judy Blume
16.5%
The Big Sleep Raymond Chandler
59%
James M. Cain
7.4%
Dashiell Hammett
18.6%
Mickey Spillane
10.5%
Blood Meridian Cormac McCarthy
55.9%
Zane Grey
13%
Louis L'Amour
10.4%
Jack Schaefer
15.9%
The Book Thief Markus Zusak
53.5%
William Golding
8.1%
H. Rider Haggard
7.7%
Khaled Hosseini
26.5%
Battlefield Earth L. Ron Hubbard
52.5%
Robert Heinlein
12.2%
H.G. Wells
14.9%
Arthur C. Clarke
15.9%
The Bridge of San Luis Rey Thornton Wilder
39.1%
Ernest Hemingway
23.3%
William Faulkner
15.1%
Sinclair Lewis
17.7%
The Black Cauldron Lloyd Alexander
38.7%
Susan Cooper
19.8%
C.S. Lewis
28.4%
J.R.R. Tolkien
8.6%

You're not logged in!

Compare scores with friends on all Sporcle quizzes.
OR
Log In

From the Vault

Non-Repeating Letters Countries

by enough

If you struggle with this quiz, take comfort in the fact that inexplicably, the first answer I tried was Canada.
Remove Ads.
Support Sporcle.
Get the best of Sporcle when you Go Orange. This ad-free experience offers more features, more stats, and more fun while also helping to support Sporcle. Thank you for becoming a member.

Show Comments

Extras

Top Quizzes Today


Score Distribution

Your Account Isn't Verified!

In order to create a playlist on Sporcle, you need to verify the email address you used during registration. Go to your Sporcle Settings to finish the process.

Report this User

Report this user for behavior that violates our Community Guidelines.

Details: